[Event "21st Dubai Open 2019"]
[Site "Dubai"]
[Date "2019.04.02"]
[Round "2.19"]
[White "Chanda, Sandipan"]
[Black "Ranaldi, Lucas"]
[Result "1-0"]
[WhiteElo "2521"]
[BlackElo "2275"]
[Annotator "TA"]
[PlyCount "167"]
[EventDate "2019.04.01"]
[EventType "swiss"]
[EventCountry "UAE"]
[SourceTitle "playchess.com"]
[Source "ChessBase"]
[SourceQuality "1"]

{[%evp 15,167,27,27,12,28,8,16,-6,-12,-8,0,0,0,-8,0,0,-6,-33,-20,-30,-30,-66,-53,-106,-77,-83,-72,-74,-78,-98,-72,-83,-76,-80,-43,-83,-77,-91,-100,-83,-106,-102,-64,-106,-97,-98,-76,-73,-71,-69,-70,-104,-42,-58,-46,-70,-50,-64,-26,-45,0,0,0,0,0,-20,-22,-25,0,0,133,133,173,107,307,307,303,297,394,396,395,362,309,230,310,315,291,266,2525,2391,2586,2643,2695,2563,2301,2169,1997,1583,6202,6108,6070,4002,5081,1337,5281,1415,1243,1198,2659,1060,2939,2020,2854,1409,2387,2266,2862,1008,2440,1885,1710,1652,1451,767,29977,3618,1493,0,702,1427,1442,1442,1331,1351,29972,29969,29976,29979,29980,29981,29981,29982,29983,29982,29982,29983,29983,29984,29984,29985,29986,29987,29989,29990]} 1. d4 Nf6 2. Nf3 e6 3. Nbd2 c5 4. e3 b6 5. Bd3 Bb7 6. O-O cxd4 7. exd4 Be7 8. Re1 O-O 9. Nf1 {A47: 1 d4 Nf6 2 Nf3 b6: Torre, London and Colle Systems} (9. b3 Nc6 10. a3 d5 11. Bb2 Rc8 12. Qe2 {½-½ (12) Krejci,J (2501)-Shengelia,D (2576) Frydek Mistek 2016}) 9... d6 10. Ng3 Re8 11. h4 $146 {The position is equal.} ({Predecessor:} 11. b3 Nbd7 12. c4 d5 13. Bb2 dxc4 14. bxc4 Bb4 15. Rf1 Rc8 16. Ne5 h6 {1-0 (43) Ollivier,J (1929)-Moruzzi,G (1750) Muret 2009}) 11... h6 12. Bd2 Bf8 13. a4 a6 14. b4 Qc7 15. c4 a5 16. b5 Nbd7 17. Rc1 Rac8 18. h5 Qb8 19. Bf1 (19. Ne4 $15) 19... Qa8 20. Bf4 Red8 21. d5 exd5 22. cxd5 Bxd5 23. Nd4 Rxc1 24. Bxc1 Nc5 25. Ngf5 Re8 26. Rxe8 Qxe8 27. Bf4 Qd7 28. Ne3 Bb7 29. Bc4 d5 30. Be2 Nce4 31. Ng4 Nxg4 32. Bxg4 Qe7 33. Be3 Qc7 (33... Nc3 $17 34. Qc2 Qb4) 34. Bf5 Nd6 35. Bf4 Qc4 36. Bd3 Qc5 ({But not} 36... Qxd4 $2 37. Bh7+ $1 {[%mdl 512]} Kxh7 38. Qxd4 $18) 37. Bc2 Ne4 38. Be3 Qc7 39. Bxe4 dxe4 40. Qg4 Kh8 41. Nf5 Bc8 {...Qe5 is the strong threat.} (41... Bd5 {is more complex.} 42. Qd1 Be6 43. Nd4 Qd7 44. Qb1 Bg4) 42. Qxe4 Bxf5 (42... Be6 $11 {keeps the balance.}) 43. Qxf5 $16 Kg8 44. Qe4 Bd6 $2 (44... Bc5 $16) 45. Qa8+ $18 Bf8 46. g3 Qc4 47. Bxb6 Qxa4 48. Bc5 $1 Qxb5 49. Qxf8+ Kh7 50. Bd4 {[%csl Gd4][%cal Rf8g7]} f6 51. Bxf6 {[%csl Gf6][%cal Rf8g7]} Qb1+ $2 {[#]} (51... gxf6 52. Qf7+ (52. Qxf6 Qxh5 53. Qe7+ Kh8 $11) 52... Kh8 53. Qxf6+ {[%mdl 64] Double Attack} Kh7 54. Qg6+ Kh8 55. Qxh6+ Kg8 56. Qe6+ Kh8 57. Qf6+ Kg8 58. Qd8+ Kf7) 52. Kh2 $1 {[%csl Gf6][%cal Rf8g7]} gxf6 {[%mdl 4096] Endgame KQ-KQ} 53. Qf7+ Kh8 54. Qxf6+ Kh7 55. Qe7+ Kg8 56. Qd8+ Kg7 57. Qxa5 Qb2 58. Qc7+ Kf8 59. Qd6+ (59. Kg2 $142 Qf6 60. g4) 59... Kf7 60. Qg6+ (60. Kg2 $142 Qb7+ 61. f3 Qb2+ 62. Kh3) 60... Ke7 61. Qf5 Qd4 62. Kh3 (62. Qf4 $142 Qb2 63. Kh3) 62... Qd2 63. Qe4+ Kd8 64. Qe3 (64. Qf4 $142 Qxf4 65. gxf4) 64... Qd7+ 65. g4 Qd6 66. Kg2 (66. g5 $142 Qd1 67. gxh6 Qxh5+ 68. Kg3) 66... Qd5+ 67. Qf3 Qd6 68. Qe4 Qf6 69. Qg6 Qf4 70. Qf5 (70. Qd3+ $142 Kc8 71. Qf3 Qg5 72. Qc3+ Kd8 73. Kg3 Kd7 74. Qd3+ Kc8 75. Qa6+ Kd8 76. Qd6+ Kc8 77. f4) 70... Qd6 71. Qe4 (71. g5 $142 hxg5 72. Qxg5+ Ke8 73. h6) 71... Qf6 $1 72. Kg3 Qc3+ 73. Qe3 Qf6 74. f4 Qa1 75. g5 {White mates.} hxg5 76. fxg5 Qb1 77. g6 Qc2 78. Qd4+ Ke8 79. Kf4 Qh2+ 80. Kg5 Qg3+ 81. Kh6 Qd6 82. Qe4+ Kd8 83. Kh7 Qc5 84. h6 {Accuracy: White = 52%, Black = 39%.} 1-0

[Event "21st Dubai Open 2019"]
[Site "Dubai"]
[Date "2019.04.02"]
[Round "2.20"]
[White "Naboka, Sergey"]
[Black "Kuybokarov, Temur"]
[Result "0-1"]
[WhiteElo "2327"]
[BlackElo "2519"]
[Annotator "TA"]
[PlyCount "70"]
[EventDate "2019.04.01"]
[EventType "swiss"]
[EventCountry "UAE"]
[SourceTitle "playchess.com"]
[Source "ChessBase"]
[SourceQuality "1"]

{[%evp 11,70,0,19,10,10,0,7,-34,-26,-37,-39,-41,-10,-37,-46,-62,-72,-71,-33,-57,-49,-35,-51,-44,-40,-42,-43,-45,-21,-19,-21,-22,-16,-24,-24,-22,-14,-14,-14,-20,0,-11,0,-28,-10,-20,-9,-10,-11,-10,-5,-90,-40,-254,-261,-256,-154,-211,-214,-194,-200]} 1. e4 c5 2. Nf3 d6 3. Bb5+ Nd7 4. d4 cxd4 5. Qxd4 a6 6. Bxd7+ Bxd7 7. c4 {B51: Sicilian: Moscow Variation (3 Bb5+) without 3...Bd7} Nf6 8. O-O g6 9. e5 {The position is equal.} dxe5 10. Qxe5 $146 ({Predecessor:} 10. Nxe5 Be6 11. Qh4 h6 12. Re1 Bg7 13. Nc3 g5 14. Qg3 Qc7 15. h4 Nh5 {0-1 (23) Kantans,T (2484)-Wojtaszek,R (2736) Katowice 2017}) 10... Bg7 11. Re1 Be6 12. Na3 O-O 13. Bg5 h6 {[#] Threatens to win with ...Nh7.} 14. Bd2 Bg4 {White must now prevent ...Bxf3.} 15. Rad1 Bxf3 $1 16. gxf3 Qb6 17. Qxe7 Qxb2 18. Qb4 Qxb4 ({But not} 18... Qxa2 $2 19. Ra1 $18) 19. Bxb4 Rfd8 20. Nc2 b5 21. Ne3 Rdc8 22. cxb5 axb5 23. a3 Re8 24. Rd6 Nh5 25. Rb6 Re5 26. Kf1 Bf8 27. Nc2 Rd5 28. Ne3 Bxb4 29. axb4 Rd2 30. Ng4 Kg7 {Threatening ...Nf4.} 31. Rxb5 (31. Rb7 $11 {remains equal.}) 31... Raa2 {And now ...Nf4 would win.} 32. Rb7 $2 {[#]} ({Better is} 32. Ra5 $15) 32... Nf4 $1 $19 33. Ree7 Rd1+ 34. Re1 Raa1 {[%csl Ga1][%cal Rd1e1][%mdl 1024] Black has strong compensation.} 35. Rbe7 h5 {Accuracy: White = 48%, Black = 80%.} 0-1

[Event "21st Dubai Open 2019"]
[Site "Dubai"]
[Date "2019.04.02"]
[Round "2.21"]
[White "Venkatesh, M.R."]
[Black "Kunal, M.."]
[Result "1/2-1/2"]
[WhiteElo "2517"]
[BlackElo "2273"]
[Annotator "TA"]
[PlyCount "93"]
[EventDate "2019.04.01"]
[EventType "swiss"]
[EventCountry "UAE"]
[SourceTitle "playchess.com"]
[Source "ChessBase"]
[SourceQuality "1"]

{[%evp 11,93,0,0,0,19,0,21,23,30,11,11,-68,-65,-69,-28,-22,-29,-24,0,-7,17,-27,-5,-11,-13,-24,0,-6,52,-1,-4,-72,0,-43,-46,-44,-44,-27,-43,-50,0,0,0,0,0,0,16,-80,-81,-55,-43,-53,-47,-58,0,0,527,527,497,50,22,17,46,0,0,0,0,0,45,33,32,0,0,0,0,0,0,0,0,0,0,0,0,0]} 1. Nf3 Nf6 2. c4 g6 3. b3 Bg7 4. Bb2 d6 5. e3 O-O 6. Be2 e5 7. d4 {A15: English Opening: 1...Nf6} (7. O-O Nbd7 8. d4 e4 9. Nfd2 c6 10. Nc3 Re8 11. b4 d5 12. a4 h5 13. b5 Nf8 14. a5 a6 15. bxc6 bxc6 16. Na4 {1-0 (37) Anton Guijarro,D (2650)-Amonatov,F (2620) Doha 2016}) 7... Re8 8. Nc3 e4 9. Nd2 $1 c6 10. Qc2 d5 11. O-O-O (11. b4 $11) 11... Na6 $146 {Hoping for ...Nb4.} ({Predecessor:} 11... a6 12. Kb1 b5 {1-0 (55) Gonzalez Rodriguez,J-Yepez Jaramillo,M Bogota 1976}) 12. a3 $1 Bf5 13. h3 h5 14. Rdg1 Qc8 15. Kb1 h4 16. Rc1 Qe6 17. Qd1 Nc7 18. Qf1 Qd7 19. g4 Be6 (19... hxg3 $1 $11 20. fxg3 c5 $1 {[%mdl 512]}) 20. f4 (20. cxd5 $14 cxd5 21. Qe1) 20... exf3 $1 $11 21. Nxf3 (21. Bxf3 $11 {keeps the balance.} Bh6 22. Re1) 21... Nh7 (21... Qe7 $1 $17) 22. Qf2 dxc4 23. bxc4 {[%cal Bb3c4,Bc4b5,Bb5b6][%mdl 32]} b5 24. d5 cxd5 25. cxb5 a6 ({Black should play} 25... Reb8 $15) 26. b6 (26. Qxh4 Nxb5 27. Bxb5 axb5 $17) 26... Nb5 27. Nxb5 (27. Nxh4 Nxc3+ 28. Bxc3 Qd6 $17) 27... Bxb2 28. Rc7 $36 {[%mdl 2048] White fights for an advantage.} (28. Kxb2 axb5 29. Qe1 (29. Qxh4 $2 Qd6 $19) 29... Reb8 $17) 28... Qd8 29. Nfd4 (29. Nxh4 $2 Bf6 $19) (29. b7 $11 {remains equal.} Rb8 30. Kxb2 axb5 31. Qh2) 29... Bxd4 $1 $17 30. Nxd4 Qd6 31. Ka2 {Black must now prevent Rhc1.} Qxb6 32. Rhc1 Rab8 (32... Rac8 $1 $15 33. Rxc8 Bxc8) 33. Bd3 $11 {R1c6 is the strong threat.} Ng5 $2 {[%mdl 8192]} (33... Rec8 $1 $11 {and Black has nothing to worry.} 34. R7c6 Rxc6 35. Rxc6 Qb7) 34. R1c6 $1 $18 {[%cal Rc6b6]} Ne4 {[#]} 35. Qc2 $2 (35. Qh2 $1 $18) 35... Qa5 $14 36. Rxa6 Qe1 37. Raa7 Qxe3 38. Nxe6 Rxe6 39. Rxf7 Ng5 (39... Rc6 $5 {[%cal Rc6c2]} 40. Rg7+ Kh8 41. Rh7+ {[%mdl 64] Double Attack} Kg8 42. Rag7+ Kf8 43. Rf7+ Kg8 44. Rfg7+ (44. Qxc6 $2 {loses.} Qd2+ 45. Bc2 Nc3+ 46. Qxc3 Qxc3 $19) 44... Kf8 45. Rf7+ Kg8 46. Rhg7+ (46. Qxc6 $2 Qd2+ 47. Bc2 Nc3+ 48. Qxc3 Qxc3 $19) 46... Kh8 47. Rh7+ {[%mdl 64] Double Attack} Kg8 $11) 40. Rg7+ ({Much worse is} 40. Bxg6 Rc6 $17) 40... Kh8 41. Qc7 {Threatening mate with Rh7+!} ({Don't go for} 41. Bxg6 $2 {[#]} Rc6 $3 $19 {[%mdl 512]}) 41... Qe5 {( -> ...Qb2#). The position is equal.} 42. Qxe5 Rxe5 43. Rxg6 {And now Rd7 would win.} Re3 44. Rh6+ Kg8 45. Rg6+ Kh8 46. Rh6+ Kg8 47. Rg6+ {Accuracy: White = 36%, Black = 43%.} 1/2-1/2

[Event "21st Dubai Open 2019"]
[Site "Dubai"]
[Date "2019.04.02"]
[Round "2.22"]
[White "Shailesh, Dravid"]
[Black "Vishnu Prasanna. V"]
[Result "1/2-1/2"]
[WhiteElo "2316"]
[BlackElo "2515"]
[Annotator "TA"]
[PlyCount "41"]
[EventDate "2019.04.01"]
[EventType "swiss"]
[EventCountry "UAE"]
[SourceTitle "playchess.com"]
[Source "ChessBase"]
[SourceQuality "1"]

{[%evp 16,41,29,23,47,29,35,26,39,19,14,16,15,12,41,17,20,0,45,28,97,63,59,0,84,0,58,0]} 1. e4 c6 2. d4 d5 3. Nd2 dxe4 4. Nxe4 g6 5. Nf3 Nf6 6. Bd3 Bg7 7. c3 O-O 8. O-O Nxe4 9. Bxe4 {LiveBook: 15 Games} Be6 {B08: Pirc Defence: Classical System} (9... Nd7 10. h3 Nf6 11. Bc2 Qc7 12. Re1 c5 13. dxc5 Qxc5 14. Be3 Qc7 15. Bd4 Nh5 16. Bb3 Nf4 17. Bxg7 Kxg7 18. Qd4+ {1-0 (46) Dubov,D (2703)-Bosiocic,M (2599) St Petersburg 2018}) 10. Re1 Nd7 11. Bf4 $146 ({Predecessor:} 11. Bg5 Nf6 12. Bd3 Qc7 13. Qc1 Rfd8 14. Bf4 Qd7 15. Ne5 Qc8 16. b4 Nd5 17. Bg3 {0-1 (52) Pilat,K (2102)-Markovic,V (2187) Zagreb 2011}) 11... Re8 {White has an edge.} 12. Qc2 Bd5 13. c4 Bxe4 14. Rxe4 Qa5 15. Rae1 e6 16. b3 Rad8 17. h3 Qf5 (17... b5 $11 {keeps the balance.}) 18. Qc1 Qa5 $1 19. Qc2 Qf5 20. Qc1 Qa5 $1 21. Qc2 {Precision: White = 20%, Black = 50%.} ({Better is} 21. R4e2 $14) 1/2-1/2

[Event "21st Dubai Open 2019"]
[Site "Dubai"]
[Date "2019.04.02"]
[Round "2.23"]
[White "Sanal, Vahap"]
[Black "Poormosavi, Seyed Kian"]
[Result "1-0"]
[WhiteElo "2513"]
[BlackElo "2260"]
[Annotator "TA"]
[PlyCount "137"]
[EventDate "2019.04.01"]
[EventType "swiss"]
[EventCountry "UAE"]
[SourceTitle "playchess.com"]
[Source "ChessBase"]
[SourceQuality "1"]

{[%evp 35,137,58,65,48,47,51,59,35,59,57,60,37,54,36,70,52,51,38,69,70,67,65,89,76,115,83,85,42,61,49,57,36,30,11,124,119,177,172,150,150,157,121,495,512,520,508,460,477,563,532,647,647,632,627,570,451,451,417,1137,1102,1051,1037,951,966,679,565,703,693,686,679,1920,1913,809,728,29977,29976,29976,29977,29976,29978,29978,29979,29982,29983,29983,29984,29984,29985,29985,29983,29983,29984,29984,29985,29985,29986,29986,29987,29987,29988,29988,29989,29990,29989]} 1. e4 e6 2. d4 d5 3. Nd2 Nf6 4. e5 Nfd7 5. Bd3 c5 6. c3 Nc6 7. Ne2 cxd4 8. cxd4 f6 9. exf6 Nxf6 10. Nf3 Bd6 11. O-O O-O 12. Bf4 Bxf4 13. Nxf4 Ne4 14. Qc1 Qf6 15. Ne2 {C06: French Tarrasch: 3...Nf6 4 e5 Nfd7 5 Bd3 main lines} e5 16. dxe5 Nxe5 17. Nxe5 Qxe5 18. f3 Nf6 {LiveBook: 4 Games} 19. Qd2 Re8 $146 ({Predecessor:} 19... Bd7 20. Rfe1 Rfe8 21. Rad1 Qd6 22. Qf4 Qb6+ {1-0 (39) Zhigalko,S (2608)-Toth,E (2427) Budapest 2018}) 20. Rad1 Bd7 21. Kh1 (21. Nc3 {looks sharper.} Bc6 22. Bc2 b6 23. Bb3 Kh8 24. Rfe1) 21... Qe3 22. Qxe3 Rxe3 23. Nf4 Bc6 24. h4 Rae8 25. Kh2 a5 26. Bc2 g6 27. Rd4 Re1 28. Rf2 Ra1 29. a3 Ree1 30. Rfd2 Re3 31. Ne2 (31. Bd1 {keeps more tension.} Kf7 32. Kg1 Rb3 33. Kf2 Rb6 34. g4) 31... Bb5 32. Nc3 Bc4 33. a4 Rc1 34. Bd1 Re1 {[#]} (34... h6 $11) 35. g4 $1 $16 {[%cal Bg2g4,Bg4g5][%mdl 32]} h6 {[#]} (35... Kf8 $16 {was necessary.}) 36. g5 $1 $18 {[%cal Rg5f6]} hxg5 37. hxg5 Nh7 38. f4 Rxc3 $2 {[%mdl 8192]} (38... Nf8 $16 {is tougher.}) 39. bxc3 Re3 40. Rb2 Nf8 41. Bg4 Rxc3 42. Rxb7 Rc2+ 43. Kg3 Rc3+ 44. Kh4 Ra3 45. Rd1 Rxa4 46. Re1 Bd3 (46... Rb4 $142) 47. Re8 {Threatening mate with Be6+.} Rxf4 48. Kg3 Re4 49. Rd8 Re3+ 50. Kf2 Re4 51. Bf3 Re5 52. Rxd5 Rxd5 53. Bxd5+ {[%mdl 4096] Endgame KRB-KBN} Kh8 54. Ke3 Bc2 55. Rf7 {White mates.} Nh7 56. Kf4 Bf5 57. Ra7 Nf8 58. Rxa5 Kg7 59. Ra7+ Kh8 60. Ke5 Nd7+ 61. Kd6 Nf8 62. Ra2 Kg7 63. Ra8 Bg4 64. Rd8 Bf5 65. Ke7 Nd7 66. Rxd7 Bxd7 67. Kxd7 Kf8 68. Ke6 Kg7 69. Bh1 {Precision: White = 74%, Black = 47%.} 1-0

[Event "21st Dubai Open 2019"]
[Site "Dubai"]
[Date "2019.04.02"]
[Round "2.24"]
[White "Bharath Subramaniyam H"]
[Black "Iniyan, P."]
[Result "1-0"]
[WhiteElo "2301"]
[BlackElo "2512"]
[Annotator "TA"]
[PlyCount "79"]
[EventDate "2019.04.01"]
[EventType "swiss"]
[EventCountry "UAE"]
[SourceTitle "playchess.com"]
[Source "ChessBase"]
[SourceQuality "1"]

{[%evp 15,79,23,27,21,45,22,25,0,0,0,2,0,0,-36,-32,-37,11,0,0,0,0,0,0,0,0,0,4,0,64,0,87,76,90,72,191,190,191,191,198,191,191,191,191,191,191,191,191,191,191,184,184,184,177,184,150,149,237,237,347,302,29971,29971,29979,29980,29979,29980]} 1. e4 c5 2. Nf3 d6 3. d4 cxd4 4. Nxd4 Nf6 5. Nc3 a6 6. h3 e6 7. g4 b5 8. Bg2 Bb7 9. O-O {B81: Sicilian Scheveningen: Keres Attack} Nfd7 10. Re1 Nc6 (10... Be7 11. e5 d5 12. a4 b4 13. Nxd5 Bxd5 14. Bxd5 exd5 15. e6 O-O 16. exd7 Qxd7 {1-0 (44) Anand,V (2803)-Volokitin,A (2639) Berlin 2015}) 11. a4 {White has an edge.} b4 12. Nd5 Nxd4 13. Qxd4 a5 ({But not} 13... exd5 $6 14. exd5+ Ne5 15. f4 $16) 14. Ne3 $146 ({Predecessor:} 14. c3 bxc3 15. Nxc3 e5 16. Qd3 Be7 {½-½ (34) Oprisor,R (2377)-Fichtner,B (2402) ICCF email 2015}) 14... h5 15. g5 e5 16. Qc4 Rc8 17. Qe2 Qxg5 18. Qb5 $1 {[%cal Rb5b7]} Bxe4 $1 {Hoping for ...Qg6.} 19. Ng4 $1 Qd8 $1 20. Nxe5 $1 dxe5 21. Bxe4 Rc5 ({Black should play} 21... Bc5 $11) 22. Qe2 (22. Qa6 $1 $14) 22... Bd6 {[#]} (22... Rc7 $1 $11 {remains equal.}) 23. Be3 $1 $36 {[%mdl 3072] White has strong compensation. White is really pushing.} Rc7 24. Rad1 Qe7 (24... Bc5 $16 {might work better.}) 25. Qa6 $1 $18 {[%csl LRa5,LRd6][%mdl 64] Double Attack} Bc5 {[#]} 26. Qa8+ $1 ({Much less strong is} 26. Qxa5 $6 Ra7 $16) 26... Qd8 27. Qxd8+ Kxd8 28. Bxc5 Rxc5 29. Bf5 Rc7 30. Rxe5 $1 {And now Red5 would win.} g6 31. Bxd7 Rxd7 32. Rxd7+ Kxd7 33. Rxa5 {[%mdl 4096] Endgame KR-KR} Rc8 34. Rb5 Rxc2 35. Rxb4 g5 (35... Rc1+ $16 36. Kg2 Ra1) 36. Kg2 Rc5 (36... h4 {keeps fighting.} 37. Rb5 f6) 37. Rb5 Rxb5 $2 (37... Rc4 $18 38. b3 (38. Rxg5 Rxa4 39. Rxh5 Rb4 $16) 38... Rc3 39. Rxg5 Rxb3 40. Rxh5 Ke6) 38. axb5 {White mates.} f5 {[#]} 39. h4 $1 {[%mdl 512]} g4 (39... gxh4 40. Kh3) 40. Kg3 {Accuracy: White = 73%, Black = 37%.} 1-0

[Event "21st Dubai Open 2019"]
[Site "Dubai"]
[Date "2019.04.02"]
[Round "2.25"]
[White "Visakh N R"]
[Black "Abelgas, Roel"]
[Result "1-0"]
[WhiteElo "2509"]
[BlackElo "2256"]
[Annotator "TA"]
[PlyCount "55"]
[EventDate "2019.04.01"]
[EventType "swiss"]
[EventCountry "UAE"]
[SourceTitle "playchess.com"]
[Source "ChessBase"]
[SourceQuality "1"]

{[%evp 13,55,52,66,40,47,52,48,52,69,57,60,64,70,60,64,63,64,77,70,57,116,121,216,185,204,232,136,58,60,0,87,73,76,72,102,109,87,33,66,75,141,118,591,596]} 1. e4 c6 2. d4 d5 3. Nd2 dxe4 4. Nxe4 Nf6 5. Nxf6+ gxf6 6. Nf3 Qd5 7. g3 Bf5 8. c3 {B16: Caro-Kann: Bronstein-Larsen Variation} Nd7 9. Bg2 Qc4 10. Be3 {White is slightly better.} (10. Qb3 Qa6 11. Bf1 Bd3 12. Bxd3 Qxd3 13. c4 Qe4+ 14. Qe3 f5 15. O-O Bg7 {1-0 (57) Rozentalis,E (2606)-Kovalenko,I (2650) Tromsoe 2014}) 10... Nb6 11. Nd2 Qe6 $146 ({Predecessor:} 11... Qd3 12. Rc1 Qb5 13. b3 Nd5 14. a4 Qa6 15. c4 Nxe3 16. fxe3 {1-0 (29) Teichmann,C (2428)-Squires,M (2127) ICCF email 2010}) 12. O-O Nd5 13. Re1 Qd7 14. Nb3 Nxe3 15. Rxe3 e6 16. c4 O-O-O (16... Be7 $14) 17. d5 $16 exd5 (17... Qc7 $16 {keeps fighting.}) 18. cxd5 $18 {Threatens to win with Qd4.} cxd5 19. Qd4 Kb8 20. Rc1 (20. Na5 $16) 20... Be6 $14 21. Na5 (21. Rec3 $14) 21... Ka8 (21... Bh6 $11 {remains equal.} 22. f4 Rc8) 22. Rec3 $36 {[%mdl 2048] [#] Black must now prevent Rc7. Black is under strong pressure.} Bd6 {...Be5 is the strong threat.} 23. Qxf6 Qa4 24. Nb3 Rhe8 25. f4 ({White should try} 25. a3 $16) 25... d4 26. Qxd4 ({Wrong is} 26. Nxd4 $2 Be7 $19) 26... Qb5 ({Black should play} 26... Qxd4+ 27. Nxd4 Bxa2) 27. Qf2 Bd5 $2 {[%mdl 8192] [#]} (27... Kb8 $16 {is more resistant.}) 28. a4 $1 {[%mdl 512] Accuracy: White = 66%, Black = 43%.} 1-0

[Event "21st Dubai Open 2019"]
[Site "Dubai"]
[Date "2019.04.02"]
[Round "2.26"]
[White "Ravi, Thandalam Shanmugam"]
[Black "Harsha Bharathakoti"]
[Result "0-1"]
[WhiteElo "2276"]
[BlackElo "2497"]
[Annotator "TA"]
[PlyCount "98"]
[EventDate "2019.04.01"]
[EventType "swiss"]
[EventCountry "UAE"]
[SourceTitle "playchess.com"]
[Source "ChessBase"]
[SourceQuality "1"]

{[%evp 23,98,22,31,23,27,30,19,22,27,25,26,23,33,0,6,4,8,12,14,-9,-2,-18,0,0,0,0,0,-10,0,-67,-48,-48,-48,-62,0,0,0,0,0,0,0,0,0,-25,-29,-35,-43,-33,-38,-1090,-1053,-972,-885,-848,-786,-1304,-1289,-6195,-6195,-5431,-6326,-5395,-5289,-29980,-29979,-29983,-29984,-29982,-29983,-29983,-29984,-29986,-29987,-29995,-29996,-29996,-29997]} 1. e4 d6 2. d4 Nf6 3. Nc3 g6 4. Be3 c6 5. h3 Nbd7 6. Nf3 Qc7 7. a4 Bg7 8. Be2 O-O 9. O-O Re8 10. Qd2 e5 11. dxe5 dxe5 12. Rfd1 Bf8 13. Bc4 {B08: Pirc Defence: Classical System} Nb6 (13... Nc5 14. Ng5 Be6 15. Qe2 a5 16. Bxc5 Bxc5 17. Bxe6 fxe6 18. Qc4 Qe7 19. Nf3 Bd6 20. Ne2 Rad8 {1-0 (47) Efimenko,Z (2654)-Mamedov,R (2626) Ohrid 2009}) 14. Bb3 {And now a5 would win.} Be6 15. Bxe6 {The position is equal.} Rxe6 16. Qe2 a5 17. Nd2 Rd6 $146 ({Predecessor:} 17... Ree8 18. Nc4 Nxc4 19. Qxc4 Qe7 20. Bg5 Rad8 {½-½ (60) Sarok,P (2157)-Albert,J (1953) Hungary 2014}) 18. Nc4 Nxc4 19. Qxc4 Rad8 20. Rxd6 Bxd6 21. Bg5 Be7 22. Rd1 Ne8 (22... Qb6 {looks sharper.} 23. Rxd8+ Qxd8 24. Be3 Bb4 25. Kh2 Qd6) 23. Rxd8 Qxd8 24. Bxe7 Qxe7 25. Qd3 Nc7 26. g3 ({White should play} 26. Nd1 $11) 26... Ne6 $15 27. b3 Qb4 28. Kf1 Nd4 (28... h5 $15) 29. Ne2 $11 b5 30. axb5 cxb5 31. Nxd4 exd4 {[%mdl 4096] Endgame KQ-KQ} 32. e5 a4 {Threatening ...a3.} 33. bxa4 bxa4 {Threatens to win with ...a3.} 34. Qe4 a3 {aiming for ...Qa4.} 35. Qd5 Kg7 {White must now prevent ...Qa4.} 36. Qc6 $2 {[%mdl 8192] [#]} (36. e6 $15) 36... Qa5 $1 $19 37. Qf6+ Kg8 38. e6 Qa6+ 39. Kg1 Qxe6 40. Qxd4 Qa6 41. Qd8+ Kg7 42. Qd4+ {[#]} Qf6 $1 {[%cal Rf6d4]} 43. Qc4 Qb2 {Black mates.} 44. c3 a2 45. Qd4+ f6 46. Qa7+ Kh6 47. Qe3+ g5 48. Qe7 a1=Q+ 49. Kg2 Qa8+ {Accuracy: White = 44%, Black = 70%.} 0-1

[Event "21st Dubai Open 2019"]
[Site "Dubai"]
[Date "2019.04.02"]
[Round "2.27"]
[White "Sindarov, Javokhir"]
[Black "Raahul V S"]
[Result "1-0"]
[WhiteElo "2495"]
[BlackElo "2252"]
[Annotator "TA"]
[PlyCount "35"]
[EventDate "2019.04.01"]
[EventType "swiss"]
[EventCountry "UAE"]
[SourceTitle "playchess.com"]
[Source "ChessBase"]
[SourceQuality "1"]

{[%evp 13,35,59,52,69,78,37,71,22,26,43,121,0,0,0,0,0,0,0,32,-8,-8,-11,29990,29991]} 1. e4 c5 2. Nf3 Nc6 3. Nc3 d6 4. d4 cxd4 5. Nxd4 Nf6 6. g3 Bg4 7. f3 Nxd4 8. Qxd4 {B56: Classical Sicilian: Unusual Lines} Bxf3 9. Bb5+ Nd7 10. O-O {White is better.} Bg4 11. e5 Bh3 $146 {[#]} (11... a6 $14) ({Predecessor:} 11... Qb6 12. Qxb6 axb6 13. Nd5 Ra5 14. exd6 Rxb5 15. Nc7+ Kd8 16. Nxb5 {0-1 (38) Soriano Ascaso,I (2186)-Sanmartin Agustin,B (2075) Aragon 2005}) 12. Re1 (12. exd6 $1 $16 Bxf1 13. Kxf1) 12... dxe5 13. Qxe5 {Hoping for Qh5.} a6 14. Nd5 $40 {[%mdl 128] White is up to no good.} Rc8 15. Bxd7+ $1 Qxd7 16. Bg5 {[%cal Rd5e7]} (16. Bh6 $5) 16... e6 17. Rad1 {aiming for Nc7+!} Qc6 $2 {[%mdl 8192] [#]} (17... f6 $11 18. Nxf6+ gxf6 19. Bxf6 Bc5+ 20. Qxc5 Rxc5 21. Rxd7 Kxd7 22. Bxh8 Rxc2) 18. Nc7+ $1 {[%mdl 512] Accuracy: White = 52%, Black = 40%.} 1-0